000 00272nam a2200109Ia 4500
001 1275988
005 20260417160438.0
008 260417s9999 xx 000 0 und d
020 _a9786256792982
245 0 _aEvimden Uzakta
_cConstantin Satüpo
260 _bKetebe Çocuk
999 _c1275988
_d1275988